000 01246cam a2200253 4500
001 B3273
008 1990 ad s
035 _a(Sirsi) u55042
041 _aeng
050 _a333.33 $2 18
110 _aBaker Harris Saunders
245 4 _aThe capital's property
_ban introduction to the London office market
260 _aLondon
_bBaker Harris Saunders
_c1990
300 _a45p.
_bill.
_c30cm.
350 _a18.25
505 2 _aIntroduction -- London today -- The UK planning system -- Leases -- Issues for the London market -- Evolution -- London offices-sub markets -- The property adviser - Fact sheet-London offices
520 _aProvides a guide to finance and investment in the London office market for potential investors. Observes that it is difficult to fully understand the London office market without an understanding of how it has evolved. Highlights the importance of fragmented land ownership, the planning system and the relevant regulatory and legislative framework impacting on the context of market development.
521 _aAdvanced
650 _aOFFICES
651 4 _aLondon
690 _aPROPERTY-COMMERCIAL PROPERTY-COMMERCIAL PROPERTY MARKET
942 _n0
948 _c04/03/1997
999 _c93545
_d93545